1都6県すべてに乗換なしで行ける駅 - Statistics

General Stats
  • This quiz has been taken 93 times
  • The average score is 11 of 12
Answer Stats
都道府県 駅名 % Correct
東京都 東京
100%
埼玉県 大宮
99%
東京都 上野
96%
神奈川県 横浜
96%
東京都 新宿
95%
東京都 品川
95%
東京都 渋谷
88%
東京都 新橋
83%
神奈川県 大船
81%
神奈川県 武蔵小杉
77%
神奈川県 戸塚
74%
東京都 北千住
67%
No matching quizzes found
Score Distribution
Percent of People with Each Score
Percentile by Number Answered
Your Score History
You have not taken this quiz